| 000 | 00352nam a2200145Ia 4500 | ||
|---|---|---|---|
| 008 | 210719s1961 xx 000 0 und d | ||
| 041 | _aeng | ||
| 082 | _a371.26 WOOT | ||
| 100 | _aWOOD (Dorothy Adkins) | ||
| 245 | _aTest construction. | ||
| 260 |
_aOhio _bCharles E Merrill books _c1961 |
||
| 300 |
_a134 _bPB |
||
| 365 | _cRs | ||
| 650 | _aEducation | ||
| 999 |
_c212619 _d212619 |
||